000 00834pam a2200265 a 4500
001 2524446
003 OSt
005 20151120123313.0
008 930812s1994 ilua 001 0 eng
010 _a 93032071
020 _a006043046X
040 _aDLC
_cDLC
_dDLC
050 0 0 _aQA303
_b.H8513 1994
082 0 0 _a515
_220
100 1 _aHunt, Richard A.,
_d1937-
245 1 0 _aCalculus /
_cRichard A. Hunt.
250 _a2nd ed.
260 _aNew York, NY :
_bHarperCollins College Publishers,
_cc1994.
300 _axviii, 1092, 65, 8 p. :
_bill. (some col.) ;
_c26 cm.
500 _aIncludes index.
650 0 _aCalculus.
906 _a7
_bcbc
_corignew
_d1
_eocip
_f19
_gy-gencatlg
942 _2lcc
_cBK
999 _c251439
_d251439